000 01281cam a2200325 4500
001 ABS65001
008 020121n2001 000 0 eng u
035 _a(Sirsi) u116388
245 _aOccupier 2001: serviced and city-centre offices
260 _c2001
490 _aEstates Gazette
_v(0149) 8 December 2001, 75-89(12)
520 _aFocus on serviced and city-centre offices. Looks at city-centre trends including the likely resurgence of regional centres; prospects for serviced office providers; the economic climate and how some sectors are predicted to benefit from the downturn; the impact of terrorism; and findings from the first major piece of research on the serviced office sector.
590 _aABS
650 _aSERVICED OFFICES
650 _aCITY CENTRE
650 _aPROPERTY-COMMERCIAL PROPERTY-OFFICE PROPERTY-OFFICE PROPERTY MARKET
650 _aREGIONAL CENTRES
650 _aLONDON
650 _aECONOMY
650 _aDOWNTURN
650 _aOFFICE RENTS
650 _aOCCUPIERS
650 _aPROVIDERS
650 _aTERRORISM
650 _aMANAGEMENT-BUSINESS MANAGEMENT-INFORMATION MANAGEMENT
650 _aWORKSTATIONS
650 _aOPERATORS
690 _aPROPERTY-COMMERCIAL PROPERTY-COMMERCIAL PROPERTY MARKET
942 _n0
999 _c69317
_d69317